Statistics for Australian Federal Electorates

Click here to take the quiz!

General Stats

  • This quiz has been taken 456 times
  • The average score is 99 of 151

Answer Stats

Answer% Correct
Sydney
95%
Adelaide
94%
Brisbane
94%
Melbourne
94%
Perth
93%
Canberra
89%
Bean
86%
Grey
86%
North Sydney
85%
Bass
84%
Lingiari
82%
Solomon
80%
Wentworth
80%
Braddon
79%
Curtin
79%
Kooyong
79%
Lyons
78%
Bennelong
77%
Cook
77%
Griffith
77%
Boothby
76%
Grayndler
76%
Kennedy
76%
Bendigo
75%
Deakin
75%
Menzies
75%
Warringah
75%
Eden-Monaro
74%
Hawke
74%
Swan
74%
Clark
73%
Mayo
73%
Indi
72%
Aston
71%
Barton
71%
Kingsford Smith
71%
Sturt
71%
Dickson
70%
Fenner
70%
Hindmarsh
70%
Banks
68%
Durack
68%
Franklin
68%
Fraser
68%
Fremantle
68%
Holt
68%
Jagajaga
68%
Macnamara
68%
Newcastle
68%
Parramatta
68%
Ballarat
67%
Dunkley
67%
Fisher
67%
Fowler
67%
Goldstein
67%
New England
67%
Whitlam
67%
Gippsland
66%
Hasluck
66%
Ryan
66%
Wide Bay
66%
Barker
65%
Fadden
65%
Flinders
65%
Higgins
65%
Longman
65%
Mackellar
65%
Macquarie
65%
Corangamite
64%
Corio
64%
Makin
64%
Maranoa
64%
Monash
64%
Oxley
64%
Spence
64%
Tangney
64%
Bonner
63%
Chifley
63%
Chisholm
63%
Isaacs
63%
Kingston
63%
Lalor
63%
Parkes
63%
Reid
63%
Scullin
63%
Burt
62%
Capricornia
62%
Cowan
62%
Maribyrnong
62%
O'Connor
62%
Page
62%
Werriwa
62%
Groom
61%
Hughes
61%
McEwen
61%
Pearce
61%
Rankin
61%
Wills
61%
Hume
60%
Leichhardt
60%
McMahon
60%
Richmond
60%
Riverina
60%
Blaxland
59%
Canning
59%
Casey
59%
Fairfax
59%
Farrer
59%
Forde
59%
Gilmore
59%
Herbert
59%
Hunter
59%
La Trobe
59%
Mallee
59%
Watson
59%
Berowra
58%
Bradfield
58%
Cooper
58%
Dawson
58%
Gellibrand
58%
Lilley
58%
Petrie
58%
Brand
57%
Cowper
57%
Flynn
57%
Gorton
57%
Hinkler
57%
Macarthur
57%
Moreton
57%
Lyne
56%
Robertson
56%
Blair
55%
Bowman
55%
Bruce
55%
Cunningham
55%
Moncrieff
55%
Moore
55%
Paterson
55%
Hotham
54%
Wannon
54%
Forrest
53%
Greenway
53%
Nicholls
53%
Lindsay
52%
Calare
51%
McPherson
51%
Wright
51%
Mitchell
50%
Shortland
50%
Calwell
49%
Dobell
49%

Score Distribution

Percentile by Number Answered

Percent of People with Each Score

Your Score History

You have not taken this quiz